000 00432nam a22001697a 4500
005 20250310120827.0
008 250310b |||||||| |||| 00| 0 eng d
020 _a0273651471
050 _aHD58
_b.7 MUL
100 _aMullins, Laurie J.
245 _aManagement and organisational behaviour
250 _a6th
260 _aLondon
_bPrentice-Hall
_cc2002
300 _axvii, 933p
500 _aincludes index
942 _2lcc
_cBK
_n0
999 _c4641
_d4641